<?xml version="1.0" encoding="UTF-8"?>
<record
    xmlns:xsi="http://www.w3.org/2001/XMLSchema-instance"
    xsi:schemaLocation="http://www.loc.gov/MARC21/slim http://www.loc.gov/standards/marcxml/schema/MARC21slim.xsd"
    xmlns="http://www.loc.gov/MARC21/slim">

  <leader>00722nam a22001337a 4500</leader>
  <datafield tag="040" ind1=" " ind2=" ">
    <subfield code="c">RUA</subfield>
  </datafield>
  <datafield tag="082" ind1=" " ind2=" ">
    <subfield code="a">VEM PEN 2022 B1.402 Or.1</subfield>
  </datafield>
  <datafield tag="100" ind1=" " ind2=" ">
    <subfield code="a">PEN SOCHHAKRIT, &#x1794;&#x17C9;&#x17C2;&#x1793; &#x179F;&#x17BB;&#x1786;&#x17B6;&#x1782;&#x17D2;&#x179A;&#x17B8;&#x178F;</subfield>
  </datafield>
  <datafield tag="245" ind1=" " ind2=" ">
    <subfield code="a">Radiography on urinary bladder on canines at veterinary teaching hospital of royal university of agriculture, &#x179C;&#x17B7;&#x1791;&#x17D2;&#x1799;&#x17BB;&#x179F;&#x17B6;&#x179F;&#x17D2;&#x179A;&#x17D2;&#x178F;&#x179B;&#x17BE;&#x1794;&#x17D2;&#x179B;&#x17C4;&#x1780;&#x1793;&#x17C4;&#x1798;&#x179F;&#x17BB;&#x1793;&#x1781;&#x1793;&#x17C5;&#x1798;&#x1793;&#x17D2;&#x1791;&#x17B8;&#x1796;&#x17C1;&#x1791;&#x17D2;&#x1799;&#x179F;&#x178F;&#x17D2;&#x179C; &#x1793;&#x17C3;&#x179F;&#x17B6;&#x1780;&#x179B;&#x179C;&#x17B7;&#x1791;&#x17D2;&#x1799;&#x17B6;&#x179B;&#x17D0;&#x1799;&#x1797;&#x17BC;&#x1798;&#x17B7;&#x1793;&#x17D2;&#x1791;&#x1780;&#x179F;&#x17B7;&#x1780;&#x1798;&#x17D2;&#x1798;</subfield>
  </datafield>
  <datafield tag="260" ind1=" " ind2=" ">
    <subfield code="a">PHNOM PENH</subfield>
    <subfield code="b">RUA</subfield>
    <subfield code="c">2022</subfield>
  </datafield>
  <datafield tag="300" ind1=" " ind2=" ">
    <subfield code="a">x,</subfield>
    <subfield code="b">ill,</subfield>
    <subfield code="c">29cm,</subfield>
  </datafield>
  <datafield tag="856" ind1=" " ind2=" ">
    <subfield code="u">https://drive.google.com/file/d/1gy6_jbXxLb5k5cFugRE0jp7jlyVtjLtC/view?usp=sharing</subfield>
  </datafield>
  <datafield tag="942" ind1=" " ind2=" ">
    <subfield code="c">VEM</subfield>
  </datafield>
  <datafield tag="999" ind1=" " ind2=" ">
    <subfield code="c">24282</subfield>
    <subfield code="d">24282</subfield>
  </datafield>
  <datafield tag="952" ind1=" " ind2=" ">
    <subfield code="0">0</subfield>
    <subfield code="1">0</subfield>
    <subfield code="4">0</subfield>
    <subfield code="6">VEM_PEN_2022_000000000000000_B1_402_OR_1</subfield>
    <subfield code="7">0</subfield>
    <subfield code="9">103214</subfield>
    <subfield code="a">LBB</subfield>
    <subfield code="b">LBB</subfield>
    <subfield code="d">2025-02-19</subfield>
    <subfield code="l">2</subfield>
    <subfield code="o">VEM PEN 2022 B1.402 Or.1</subfield>
    <subfield code="p">A079647</subfield>
    <subfield code="r">2026-01-08</subfield>
    <subfield code="s">2026-01-08</subfield>
    <subfield code="y">VEM</subfield>
  </datafield>
  <datafield tag="952" ind1=" " ind2=" ">
    <subfield code="0">0</subfield>
    <subfield code="1">0</subfield>
    <subfield code="4">0</subfield>
    <subfield code="6">VEM_PEN_2022_000000000000000_B1_402_OR_2</subfield>
    <subfield code="7">0</subfield>
    <subfield code="9">103215</subfield>
    <subfield code="a">LBB</subfield>
    <subfield code="b">LBB</subfield>
    <subfield code="d">2025-02-19</subfield>
    <subfield code="o">VEM PEN 2022 B1.402 Or.2</subfield>
    <subfield code="p">A079651</subfield>
    <subfield code="r">2025-02-19</subfield>
    <subfield code="y">VEM</subfield>
  </datafield>
  <datafield tag="952" ind1=" " ind2=" ">
    <subfield code="0">0</subfield>
    <subfield code="1">0</subfield>
    <subfield code="4">0</subfield>
    <subfield code="6">VEM_PEN_2022_000000000000000_B1_402_OR_3</subfield>
    <subfield code="7">0</subfield>
    <subfield code="9">103216</subfield>
    <subfield code="a">LBB</subfield>
    <subfield code="b">LBB</subfield>
    <subfield code="d">2025-02-19</subfield>
    <subfield code="o">VEM PEN 2022 B1.402 Or.3</subfield>
    <subfield code="p">A079655</subfield>
    <subfield code="r">2025-02-19</subfield>
    <subfield code="y">VEM</subfield>
  </datafield>
</record>
